Master Dentistry: Oral and Maxillofacial Surgery, Radiology, Pathology, and Oral Medicine (Record no. 5477)
[ view plain ]
| 000 -LEADER | |
|---|---|
| fixed length control field | 00629nam a22002177a 4500 |
| 003 - CONTROL NUMBER IDENTIFIER | |
| control field | OSt |
| 005 - DATE AND TIME OF LATEST TRANSACTION | |
| control field | 20170123151105.0 |
| 008 - FIXED-LENGTH DATA ELEMENTS--GENERAL INFORMATION | |
| fixed length control field | 170123b xxu||||| |||| 00| 0 eng d |
| 020 ## - INTERNATIONAL STANDARD BOOK NUMBER | |
| International Standard Book Number | 0443061920 |
| 040 ## - CATALOGING SOURCE | |
| Transcribing agency | DMLN |
| 082 ## - DEWEY DECIMAL CLASSIFICATION NUMBER | |
| Classification number | WU100 M393p 2003 |
| 100 ## - MAIN ENTRY--PERSONAL NAME | |
| Personal name | Coulthard, Paul [et...al] |
| 9 (RLIN) | 11435 |
| 245 ## - TITLE STATEMENT | |
| Title | Master Dentistry: Oral and Maxillofacial Surgery, Radiology, Pathology, and Oral Medicine |
| 260 ## - PUBLICATION, DISTRIBUTION, ETC. (IMPRINT) | |
| Place of publication, distribution, etc. | Edinburgh; Churchill, 2003 |
| 300 ## - PHYSICAL DESCRIPTION | |
| Extent | vii,267p; ill: 26.5cm |
| 504 ## - BIBLIOGRAPHY, ETC. NOTE | |
| Bibliography, etc | Index included |
| 650 ## - SUBJECT ADDED ENTRY--TOPICAL TERM | |
| Topical term or geographic name as entry element | Oral Suegrey |
| 9 (RLIN) | 11436 |
| 650 ## - SUBJECT ADDED ENTRY--TOPICAL TERM | |
| Topical term or geographic name as entry element | MCQs Dental |
| 9 (RLIN) | 11437 |
| 650 ## - SUBJECT ADDED ENTRY--TOPICAL TERM | |
| Topical term or geographic name as entry element | Dentistry |
| 9 (RLIN) | 3762 |
| 942 ## - ADDED ENTRY ELEMENTS (KOHA) | |
| Source of classification or shelving scheme | Other/Generic Classification Scheme |
| Koha item type | Open Shelf |
| Withdrawn status | Lost status | Source of classification or shelving scheme | Damaged status | Not for loan | Home library | Current library | Date acquired | Source of acquisition | Inventory number | Total Checkouts | Full call number | Barcode | Date last seen | Koha item type |
|---|---|---|---|---|---|---|---|---|---|---|---|---|---|---|
| Other/Generic Classification Scheme | MUST Main Library | MUST Main Library | 23/01/2017 | 07/28521 | WU100 M393p 2003 | 2017-0055 | 23/01/2017 | Open Shelf |
